|
|
|
|
| LEADER |
00000nam0a2200000 4500 |
| 001 |
47477 |
| 005 |
20260305071552.0 |
| 010 |
|
|
|a 5813801006
|
| 035 |
|
|
|a (RuTPU)RU\TPU\book\49591
|
| 090 |
|
|
|a 47477
|
| 100 |
|
|
|a 20030217d2002 m y0rusy50 ca
|
| 101 |
0 |
|
|a rus
|
| 102 |
|
|
|a RU
|
| 105 |
|
|
|a y eg 000zd
|
| 200 |
1 |
|
|a История Отечества в биографиях участников важнейших событий
|e Словарь-справочник
|f сост. В. Ф. Блохин
|
| 210 |
|
|
|a Смоленск
|c Русич
|d 2002
|
| 215 |
|
|
|a 560 с.
|
| 225 |
1 |
|
|a Для школьников и студентов
|
| 606 |
|
|
|a Деятели общественные и государственные
|x Персоналии
|y Россия
|7 ca
|8 rus
|9 81477
|
| 610 |
1 |
|
|a история
|
| 610 |
1 |
|
|a Россия
|
| 610 |
1 |
|
|a политические деятели
|
| 610 |
1 |
|
|a государственные деятели
|
| 610 |
1 |
|
|a религиозные деятели
|
| 610 |
1 |
|
|a словари
|
| 610 |
1 |
|
|a справочники
|
| 610 |
1 |
|
|a биографии
|
| 610 |
1 |
|
|a биографические словари
|
| 686 |
|
|
|a Т3(2)-8я2
|2 rubbk
|
| 702 |
|
1 |
|a Блохин
|b В. Ф.
|4 220
|
| 801 |
|
1 |
|a RU
|b 63413507
|c 20030217
|g PSBO
|
| 801 |
|
2 |
|a RU
|b 63413507
|c 20120625
|g PSBO
|
| 850 |
|
|
|a 63413507
|
| 942 |
|
|
|c BK
|